Giáo trình bố cục Tập 2 Giáo trình bố cục
Trình bày một số kiến thức chung về bố cục. Phân tích, giới thiệu tranh vẽ của một số hoạ sĩ thế giới và Việt Nam từ cuối thế kỉ XX đến 1975. Cách vẽ tranh theo một số thể loại bố cục như chủ đề cụ thể, chân dung, phong cảnh, tĩnh vật,......
Gespeichert in:
| 1. Verfasser: | |
|---|---|
| Format: | Buch |
| Sprache: | Vietnamese |
| Veröffentlicht: |
H.
Đại học Sư phạm
2009
|
| Ausgabe: | In lần thứ 3 |
| Schlagworte: | |
| Tags: |
Tag hinzufügen
Keine Tags, Fügen Sie den ersten Tag hinzu!
|
| Thư viện lưu trữ: | Mạng thư viện Đại học Đà Nẵng |
|---|
| LEADER | 01583nam a2200385 4500 | ||
|---|---|---|---|
| 001 | 000024243 | ||
| 003 | 20729 | ||
| 005 | 20161109101113.0 | ||
| 008 | 161101s2009 viesd | ||
| 020 | |c 45000đ | ||
| 041 | 0 | |a vie | |
| 082 | 1 | 4 | |a 750.18 |b ĐA-L |
| 100 | 1 | |a Đàm Luyện | |
| 245 | 1 | 0 | |a Giáo trình bố cục |c Đàm Luyện |n Tập 2 |p Giáo trình bố cục |
| 250 | |a In lần thứ 3 | ||
| 260 | |a H. |b Đại học Sư phạm |c 2009 | ||
| 300 | |a 211 tr. |b Tranh vẽ |c 24 cm. | ||
| 500 | |a ĐTTS ghi: Bộ Giáo dục và Đào tạo. Dự án Đào tạo Giáo viên THCS | ||
| 504 | |a Thư mục: tr. 211 | ||
| 520 | 3 | |a Trình bày một số kiến thức chung về bố cục. Phân tích, giới thiệu tranh vẽ của một số hoạ sĩ thế giới và Việt Nam từ cuối thế kỉ XX đến 1975. Cách vẽ tranh theo một số thể loại bố cục như chủ đề cụ thể, chân dung, phong cảnh, tĩnh vật,... | |
| 650 | 0 | 4 | |a Bố cục |v Giáo trình |
| 653 | |a Hội họa | ||
| 653 | |a Tranh | ||
| 653 | |a Vẽ | ||
| 773 | |t Giáo trình Bố cục |w 5720 | ||
| OWN | |a LSP | ||
| AVA | |a UDN50 |b LSP |d 750.18 ĐA-L |e check_holdings |t Error 5003 Not defined in file expand_doc_bib_avail. |h N |k 1 | ||
| 999 | |a From the UDN01 | ||
| AVA | |a UDN50 |b LSP |d 750.18 ĐA-L |e available |t Error 5001 Not defined in file expand_doc_bib_avail. |f 20 |g 0 |h N |i 0 |k 1 | ||
| TYP | |a Monograph | ||
| TYP | |a Printed language | ||
| 980 | |a Mạng thư viện Đại học Đà Nẵng | ||